Statistics for Geography - The Persian Empire today

Click here to take the quiz!

General Stats

  • This quiz has been taken 1,156 times
  • The average score is 22 of 25

Answer Stats

Answer% Correct
Iran
99%
Iraq
99%
Turkey
97%
Pakistan
96%
Israel
95%
Saudi Arabia
95%
India
94%
Syria
93%
Afghanistan
92%
Egypt
92%
Lebanon
91%
Turkmenistan
91%
Armenia
90%
Georgia
90%
Jordan
90%
Kuwait
90%
Qatar
88%
Uzbekistan
88%
Azerbaijan
86%
Greece
86%
Tajikistan
86%
United Arab Emirates
85%
Bahrain
84%
Kyrgyzstan
69%
China
68%

Score Distribution

Percentile by Number Answered

Percent of People with Each Score

Your Score History

You have not taken this quiz